[Event "BCF-chT4 2223 (4NCL)"]
[Site "England"]
[Date "2022.11.06"]
[Round "2.65"]
[White "Moss, Stephen"]
[Black "Khunda, Deema"]
[Result "1-0"]
[WhiteElo "1672"]
[BlackElo "1350"]
[PlyCount "97"]
[EventDate "2022.11.05"]
[EventType "team-swiss"]
[EventRounds "11"]
[EventCountry "ENG"]
[SourceTitle "EXT 2024"]
[Source "ChessBase"]
[SourceDate "2023.10.10"]
[SourceVersion "1"]
[SourceVersionDate "2023.10.10"]
[SourceQuality "1"]
[WhiteTeam "Kingston II"]
[BlackTeam "She Plays To Win Uni"]
[WhiteTeamCountry "ENG"]
[BlackTeamCountry "ENG"]

1. e4 c5 2. d4 cxd4 3. c3 Nf6 4. e5 Nd5 5. cxd4 e6 6. Nf3 d6 7. Nc3 dxe5 8. Nxe5 Bb4 9. Bd2 0-0 10. Bd3 Nf6 11. Bg5 Nbd7 12. 0-0 h6 13. Bh4 Be7 14. Rc1 Nxe5 15. dxe5 Nd7 16. Bxe7 Qxe7 17. f4 b6 18. Ne4 Bb7 19. Nd6 Bd5 20. Bc4 Bxc4 21. Rxc4 f6 22. Rc7 Qd8 23. Qc2 Nc5 24. Nb5 a6 25. Qg6 Nd7 26. Rd1 Rf7 27. Qxf7+ Kxf7 28. Rdxd7+ Ke8 29. Rxd8+ Rxd8 30. Nd6+ Kf8 31. Rc8 Ke7 32. Rxd8 Kxd8 33. Kf2 f5 34. Ke3 Kd7 35. Kd4 h5 36. b4 g6 37. a4 h4 38. g3 hxg3 39. hxg3 Kd8 40. a5 Kc7 41. axb6+ Kxb6 42. Nf7 Kb5 43. Kc3 Kc6 44. Kc4 Kd7 45. Kc5 Kc7 46. Ng5 Kd7 47. Kb6 Kc8 48. Kxa6 Kd7 49. b5 1-0

[Event "British Universities-ch"]
[Site "Chess.com INT"]
[Date "2022.03.05"]
[Round "4.3"]
[White "Parrish, Oliver"]
[Black "Khunda, Deema"]
[Result "1-0"]
[WhiteElo "1863"]
[BlackElo "1341"]
[PlyCount "138"]
[EventDate "2022.03.05"]
[EventType "swiss"]
[EventRounds "9"]
[EventCountry "ENG"]
[SourceTitle "EXT 2023"]
[Source "ChessBase"]
[SourceDate "2022.10.05"]
[SourceVersion "1"]
[SourceVersionDate "2022.10.05"]
[SourceQuality "1"]
[WhiteTeam "Kent II"]
[BlackTeam "Warwick (Bishops) VIII"]
[WhiteTeamCountry "ENG"]
[BlackTeamCountry "ENG"]

1. e4 c5 2. d4 cxd4 3. c3 dxc3 4. Bc4 e6 5. Nxc3 Nc6 6. Bf4 Bb4 7. Nge2 d6 8. 0-0 Nf6 9. a3 Bc5 10. b4 Bb6 11. Na4 Bc7 12. Rc1 0-0 13. Bb5 Nxe4 14. Nac3 Nxc3 15. Rxc3 e5 16. Be3 Bd7 17. Qd5 a6 18. Ba4 Qf6 19. f4 Qe6 20. Qd3 e4 21. Qc2 d5 22. Nd4 Nxd4 23. Bxd4 Bxa4 24. Qxa4 Rac8 25. Rfc1 Bxf4 26. Rxc8 Bxc1 27. Rxc1 b5 28. Qb3 f5 29. Rc5 Rd8 30. Qh3 Re8 31. Kf2 Qd6 32. Qxf5 Qxh2 33. Qxd5+ Kh8 34. Rc7 Qf4+ 35. Kg1 Rg8 36. Qe6 e3 37. Bxe3 Qxc7 38. Qxa6 Qd8 39. Qxb5 Re8 40. Qc5 Qd1+ 41. Kh2 Qh5+ 42. Kg1 Qd1+ 43. Kf2 Qd8 44. Qc3 Rf8+ 45. Kg1 Qd1+ 46. Kh2 Qh5+ 47. Kg1 Qe8 48. Bd4 Qf7 49. Qd3 h6 50. b5 Kg8 51. b6 Rd8 52. b7 Qxb7 53. Qc4+ Qf7 54. Qxf7+ Kxf7 55. Bf2 Rd1+ 56. Kh2 Ra1 57. Bc5 g5 58. g4 Kg6 59. Kg3 Kf6 60. Bd4+ Kg6 61. Bxa1 Kf7 62. a4 Ke6 63. a5 Kd7 64. a6 Kc7 65. a7 Kb7 66. Bd4 Ka6 67. Kf3 Kb7 68. Ke4 Ka6 69. a8Q+ Kb5 1-0